Music Quiz

Random Music or Artist Quiz

Musician Images (A-Z) Quiz Stats

Quiz Updated May 21, 2016

Also try: Musicians by Logo
Challenge
Share
Tweet
Score 0/24 Timer 04:00
4 Plays Today
% Correct
Justin Bieber
98.6%
Michael Jackson
98.3%
Elvis Presley
96.1%
Bob Marley
96%
John Lennon
94.9%
Justin Timberlake
93.5%
Britney Spears
92.7%
Mariah Carey
92.2%
Christina Aguilera
83.9%
Lionel Richie
82.2%
Stevie Wonder
82.1%
'Weird Al' Yankovic
80%
% Correct
Bob Dylan
79.4%
Willie Nelson
77.4%
Sinéad O'Connor
74.6%
Carrie Underwood
74.3%
Aretha Franklin
73.2%
Billy Idol
67%
Frank Zappa
64.3%
Alicia Keys
52.7%
Macy Gray
51.7%
Faith Hill
51.3%
Eddie Vedder
42.2%
Melissa Etheridge
42%

You're not logged in!

Compare scores with friends on all Sporcle quizzes.
Sign Up with Email
OR
Log In

You Might Also Like...

Show Comments

Extras

Top Quizzes Today


Score Distribution

Your Account Isn't Verified!

In order to create a playlist on Sporcle, you need to verify the email address you used during registration. Go to your Sporcle Settings to finish the process.